Statistieken voor Landen die het dichtst bij Gabon liggen

Klik hier om de quiz te nemen!

Algemene statistieken

  • Deze quiz is 14 keer genomen
  • De gemiddelde score is 18 van 20

Antwoordstatistieken

kmland% Correct
0Congo
100%
1442Côte d'Ivoire
100%
158Democratische
Republiek Congo
100%
0Kameroen
100%
969Benin
92%
0Equatoriaal-Guinea
92%
1091Ghana
92%
1184Niger
92%
418Nigeria
92%
637Tsjaad
92%
1314Zuid-Soedan
92%
118Angola
85%
232Centraal-Afrikaanse
Republiek
85%
237Sao Tomé en Principe
85%
1044Togo
85%
1435Zambia
85%
1429Burkina Faso
77%
1463Namibië
77%
1604Rwanda
77%
1396Soedan
77%

Scoreverdeling

Percentiel versus Aantal Correcte Antwoorden

Procent van Mensen met Elke Score

Uw Scoregeschiedenis

U heeft deze quiz nog niet genomen